000
00297nam a2200109Ia 4500
008
200302s9999 xx 000 0 und d
100
_a
Roger Flanagan & Carol Jewell
245
_a
Whole Life Appraisal For Construction(Usd 97.50)
260
_b
Blackwell Publishing
260
_c
2005
300
_a
182 P
999
_c
4975
_d
4975